Statistiques concernant Les départements traversés par la flamme olympiques en 2024

Cliquez ici pour prendre le quiz!

Statistiques générales

  • Ce quiz a été pris 9 fois
  • Le résultat moyen est 62 sur 68

Statistiques - réponses

Indice 1
Ville de passage
Indice 2
Date
Indice 3
Ville étape
Réponse% Correct
Beuil - Valberg18/06Nice06 | Alpes-Maritimes
100%
Lagrasse16/05Carcassonne11 | Aude
100%
Falaise30/05Caen14 | Calvados
100%
Zonza14/05Bastia20 | 2A | 2B | Corse | Haute-Corse | Corse-du-Sud
100%
Plougastel-Daoulas07/06Brest29 | Finistère
100%
Saint-Emilion23/05Bordeaux33 | Gironde
100%
Juvignac13/05Montpellier34 | Hérault
100%
Fougères01/06Rennes35 | Ille-et-Vilaine
100%
Thésée08/07Blois41 | Loir-et-Cher
100%
Saint-Chamond22/06Saint-Etienne42 | Loire
100%
Montargis10/07Orléans45 | Loiret
100%
Saint-Lô31/05Mont-Saint-Michel50 | Manche
100%
Vitry-le-François30/06Reims51 | Marne
100%
Lorient06/06Vannes56 | Morbihan
100%
Avesnes-sur-Helpe02/07Lille59 | Nord
100%
Chantilly18/07Beauvais60 | Oise
100%
Orthez20/05Pau64 | Pyrénées-Atlantique
100%
Font-Romeu15/05Perpignan66 | Pyrénées-Orientales
100%
Saverne26/06Strasbourg67 | Bas-Rhin
100%
Colmar26/0668 | Haut-Rhin
100%
Annemasse23/06Chamonix-Mont-Blanc74 | Haute-Savoie
100%
Champs-Élysées14 & 15/07Place de la République75 | Paris
100%
Yvetot05/07Le Havre76 | Seine-Maritime
100%
Fontainebleau20/07Meaux77 | Seine-et-Marne
100%
Saint-Rémy-les-Chevreuse23/07Versailles78 | Yvelines
100%
Brignoles10/05Toulon83 | Var
100%
Orange19/06Avignon84 | Vaucluse
100%
La Roche-sur-Yon04/06Les Sables-d'Olonne85 | Vendée
100%
Rueil-Malmaison24/07Nanterre92 | Hauts-de-Seine
100%
Drancy25/07Saint-Denis93 | Seine-Saint-Denis
100%
Rungis21/07Créteil94 | Val-de-Marne
100%
Le Lamentin17/06Fort-de-France972 | Martinique
100%
Kourou09/06Cayenne973 | Guyane
100%
Saint-Paul12/06Saint-Denis974 | La Réunion
100%
Papara13/06Papeete987 | Polynésie française
100%
Nouméa11/06988 | Nouvelle-Calédonie
100%
Chamarande22/07Évry-Courcouronnes
91 | Essonne
100%
Dolancourt13/07Troyes10 | Aube
89%
Eygalières12/05Arles13 | Bouches-du-Rhône
89%
Saulieu12/07Dijon21 | Côte-d'or
89%
Saint-Aulaye-Puymangou22/05Périgueux24 | Dordogne
89%
Maîche25/06Besançon25 | Doubs
89%
Pierrelatte20/06Valence26 | Drôme
89%
Bonneval07/07Chartres28 | Eure-et-Loir
89%
Colomiers17/05Toulouse31 | Haute-Garonne
89%
Commercy29/06Verdun55 | Meuse
89%
Forbach27/06Metz57 | Moselle
89%
Saint-Omer03/07Lens62 | Pas-de-Calais
89%
Clermont-Ferrand21/0663 | Puy-de-Dôme
89%
Thouars02/06Niort79 | Deux-Sèvres
89%
Cusset21/06Vichy03 | Allier
78%
Millau13/0512 | Aveyron
78%
Saint-Cybardeaux24/05Angoulême16 | Charente
78%
Mirande18/05Auch32 | Gers
78%
La Châtre27/05Châteauroux36 | Indre
78%
Vertou05/06La Baule-Escoublac44 | Loire-Atlantique
78%
Montsoreau28/05Angers46 | Maine-et-Loire
78%
Langres28/06Saint-Dizier52 | Haute-Marne
78%
Chailland29/05Laval53 | Mayenne
78%
Doullens04/07Amiens80 | Somme
78%
Châtellerault25/05Poitiers86 | Vienne
78%
Sens11/07Auxerre89 | Yonne
78%
Guise17/07Saint-Quentin02 | Aisne
67%
Moustiers-Sainte-Marie11/05Manosque04 | Alpes-de-haute-Provence
67%
Gisors06/07Vernon27 | Eure
67%
Les Saintes15/06Baie Mahault971 | Guadeloupe
67%
Théméricourt19/07Soisy-sous-Montmorency95 | Val-d'Oise
56%
Lannemezan19/05Tarbes65 | Haute-Pyrénées
44%

Distribution des résultats

Percentile par nombre de réponses

% des personnes avec chaque résultat

Votre développement - résultats

Vous n’avez pas pris ce quiz